Odgadnij dzielnicę Warszawy po osiedlu II - Statystyki

Ogólne statystyki
  • Ten quiz został rozwiązany 149 razy
  • Średni wynik to 13 z 17
Statystyki odpowiedzi
Osiedle Dzielnica % Poprawnych
Stara Miłosna Wesoła
87%
Szmulowizna Praga Północ
86%
Mirów Wola
86%
Jelonki Płn. Bemowo
85%
Filtry Ochota
84%
Zacisze Targówek
84%
Sielce Mokotów
82%
Ujazdów Śródmieście
81%
Kamionek Praga Południe
80%
Paluch Włochy
77%
Las Wawer
76%
Wyczółki Ursynów
75%
Henryków Białołęka
73%
Mokry Ług Rembertów
71%
Czechowice Ursus
69%
Zawady Wilanów
67%
Placówka Bielany
65%
Nie znaleziono quizów pasujących do podanych kryteriów
Rozkład punktacji
Procent ludzi z każdym wynikiem
Percentyl według liczby udzielonych odpowiedzi
Twoja historia wyników
Nie rozwiązałeś tego quizu